00612cam a2200193 a 450000100100000000500170001000800410002702000150006804000290008308200190011210000290013124500500016026000410021030000280025149000450027965000220032465000260034683000460037200001168120200929162527.0971229s1997 mx a 001 1 spa  a9681903242 aDO-SdBNPbspacLCdBNPHU aC863.44bP438L1 aPérez Reverte, Arturo.10aLimpieza de sangre /cArturo Pérez Reverte. aMéxico, D. F. :bAlfaguara,c1997. a251 p. :bil. ;c24 cm.1 aLas Aventuras del Capitán Alatristev1 4aNovela colombiana 4aLiteratura colombiana 0aLas Aventuras del Capitán Alatriste,v1